| 000 | 00458nam a2200133Ia 4500 | ||
|---|---|---|---|
| 008 | 250506s9999 xx 000 0 und d | ||
| 024 | _a18B-017-CE, 18B-038-CE, 18B-050-CE & 18B-062-CE | ||
| 082 | _a621.5027 RAS | ||
| 100 | _aZai Raheed Ahmed Syed Ali, Raza Mehdi, Hafiz Muhammad Owais & Masooma Batool | ||
| 245 | 0 | _aVirtual Dressing room | |
| 260 |
_aKarachi: _bUIT, _c2018 |
||
| 600 | _aComputer System Engineering | ||
| 650 | _aBachelor of Engineering (BE) | ||
| 999 |
_c29055 _d29055 |
||